[Event "AUT-ch U16 Girls"]
[Site "St Veit"]
[Date "2022.04.12"]
[Round "5"]
[White "Deak Sala, Emilia"]
[Black "Valtiner, Valentina"]
[Result "1-0"]
[WhiteElo "1857"]
[BlackElo "1154"]
[PlyCount "71"]
[EventDate "2022.04.10"]
[EventType "swiss"]
[EventRounds "6"]
[EventCountry "AUT"]
[SourceTitle "EXT 2023"]
[Source "ChessBase"]
[SourceDate "2022.10.05"]
[SourceVersion "1"]
[SourceVersionDate "2022.10.05"]
[SourceQuality "1"]

1. e4 e5 2. Nf3 Nf6 3. Nxe5 Nc6 4. Nxc6 dxc6 5. Nc3 Bc5 6. Qe2 Be6 7. d3 Ng4 8. Be3 Bxe3 9. fxe3 Qg5 10. 0-0-0 Nxe3 11. Qd2 f6 12. Re1 Ng4 13. Qxg5 fxg5 14. Be2 Rf8 15. Bxg4 Bxg4 16. Rhf1 0-0-0 17. Kd2 b5 18. Ne2 c5 19. h3 Be6 20. a3 c4 21. d4 c6 22. c3 h5 23. Ke3 Kc7 24. Rf3 Rxf3+ 25. Kxf3 Rf8+ 26. Ke3 Kd6 27. Ng3 g6 28. Rf1 Rxf1 29. Nxf1 h4 30. Nd2 g4 31. hxg4 Bxg4 32. Kf4 Bh5 33. Kg5 Ke6 34. Kxh4 Kf6 35. g4 Bxg4 36. Kxg4 1-0

[Event "AUT-ch U14 Girls"]
[Site "St Veit"]
[Date "2019.06.09"]
[Round "4.4"]
[White "Valtiner, Valentina"]
[Black "Indarbieva, Iman"]
[Result "1/2-1/2"]
[WhiteElo "1153"]
[BlackElo "1118"]
[PlyCount "110"]
[EventDate "2019.06.08"]
[EventType "swiss"]
[EventRounds "7"]
[EventCountry "AUT"]
[SourceTitle "EXT 2024"]
[Source "ChessBase"]
[SourceDate "2023.10.10"]
[SourceVersion "1"]
[SourceVersionDate "2023.10.10"]
[SourceQuality "1"]

1. e4 e5 2. Bc4 Nf6 3. d4 Nc6 4. d5 Na5 5. Qd3 Bc5 6. Nf3 d6 7. Bd2 Nxc4 8. Qxc4 Bg4 9. Bb4 Bxf3 10. gxf3 Bd4 11. Bc3 Bb6 12. Qb5+ Qd7 13. Qxd7+ Nxd7 14. Nd2 0-0 15. Nc4 Bc5 16. Rf1 a6 17. 0-0-0 b5 18. Na5 b4 19. Bd2 Nb6 20. Nc6 a5 21. b3 a4 22. Bxb4 axb3 23. cxb3 Rxa2 24. Bxc5 dxc5 25. d6 cxd6 26. Kb1 Rfa8 27. Kc1 Kf8 28. b4 c4 29. Rg1 Rxf2 30. Kb1 Na4 31. Rc1 c3 32. Rc2 Rxf3 33. Rd1 f6 34. Rxd6 Ke8 35. b5 Nc5 36. Nb4 Ra4 37. Nd5 Nb3 38. Rxc3 Nd2+ 39. Kb2 Nc4+ 40. Kb3 Rxc3+ 41. Nxc3 Nxd6 42. Kxa4 Kd8 43. Ka5 Kc7 44. Nd5+ Kb7 45. Nc3 g5 46. h3 f5 47. exf5 Nxf5 48. b6 Ne3 49. Kb5 h5 50. Kc5 g4 51. hxg4 hxg4 52. Ne4 Nf5 53. Kd5 g3 54. Nxg3 Nxg3 55. Kxe5 Kxb6 1/2-1/2